00564nam a22002177a 450000500170000001000110001702000100002803500110003803700160004904000120006508200130007710000220009024500500011225000110016226000370017327000310021030000250024150000200026665000380028665000220032420170124110236.0 a690422 c00.00 a690422 bCen Lib/Ret aDPLbEN a954bNEH aNehru, Jawaharlal aThe discovery of India /cby Jawaharlal Nehru a2nd ed aCalcuttabThe Signet Pressc1946 a10/2, Elgin RoadbCalcutta axii,514p. c22cm(Hb) aIncludes index  aJawaharlal Nehru -- Autobiography aJawaharlal Nehru